000
00216 a2200097 4500
020
_a
9781410840066
041
_a
spa
100
_a
Pugliano-Martin, Carol
245
_a
Como ser un explorador de animalitos
942
_c
BK
999
_c
30134
_d
30132